Molecular chemistry of sol-gel derived nanomaterials /

Gespeichert in:
Bibliographische Detailangaben
1. Verfasser: Corriu, Robert
Weitere Verfasser: Nguyen, Trong Anh, 1935-
Format: Buch
Sprache:Englisch
Französisch
Veröffentlicht: Chichester Wiley 2009.
Schlagworte:
Online-Zugang:Publisher description
Table of contents only
Im OPAC anzeigen
Tags: Tag hinzufügen
Keine Tags, Fügen Sie das erste Tag hinzu!

MARC

LEADER 00000cam a22000008a 4500
005 20260127134100.0
008 090714s2009 enk b 001 0 eng
010 |a 2008-047063 
020 |a 9780470721179 
035 |a vtls009627483 
039 9 |a 201304051336  |b msavuk22  |c 200907140825  |d mschk03  |y 200907140817  |z mschk03 
040 |a DLC  |c DLC  |d DLC  |d STUSCHK1 
041 1 |a eng  |h fre 
082 0 0 |a 620.1/1  |2 22 
100 1 |a Corriu, Robert. 
240 1 0 |a Chimie moléculaire, sol-gel et nanomatériaux.  |l English 
245 1 0 |a Molecular chemistry of sol-gel derived nanomaterials /  |c Robert Corriu, Nguyên Trong Anh. 
260 |a Chichester  |b Wiley  |c 2009. 
263 |a 0904 
300 |a xii,187 p.  |b il.  |c 23,5 cm 
500 |a "Originally published in French by École Polytechnique." 
504 |a Includes bibliographical references and index 
650 0 |a Colloids 
650 0 |a Nanofluids 
650 0 |a Nanochemistry 
650 0 |a Nanostructured materials 
700 1 |a Nguyen, Trong Anh,  |d 1935- 
856 4 2 |3 Publisher description  |u http://www.loc.gov/catdir/enhancements/fy0902/2008047063-d.html 
856 4 1 |3 Table of contents only  |u http://www.loc.gov/catdir/enhancements/fy0906/2008047063-t.html 
906 |a 7  |b rix  |c orignew  |d 1  |e ecip  |f 20  |g y-gencatlg 
910 |a SCHK95 
919 |a 978-0-470-72117-9 
925 0 |a acquire  |b 2 shelf copies  |x policy default 
963 |a Lesly Jean; phone: 201-748-6312; email: ljean@wiley.com; bc: mschell@wiley.com 
999 |c 3664  |d 3664